000 00466nam a2200181Ia 4500
008 100917s9999 xx 000 0 und d
082 _b25827
100 _aआपटे ना. ह.
245 _aभुरळ
260 _bदात्ये हरि विनायक
_c1970
300 _a112
365 _b4
520 _aकादंबरी
630 _aभुरळ
650 _aकादंबरी
730 _aभुरळ
942 _cBOOK
999 _c631221
_d631218